000 00319 a2200109 4500
001 ART_30494
005 20260410162003.0
008 260409a
245 1 0 _aLa ética pública y el juicio de residencia
100 1 _aCastagno, Antonio
773 0 _tForo político
_g- Vol. XIX (abr. 1997)
_wREV30389
999 _c31466
_d31466